Cuarto centenario del descubrimiento de América. Congreso Mercantil Hispano-Americano-Portugués
שמור ב:
| מחבר תאגידי: | |
|---|---|
| פורמט: | ספר |
| שפה: | ספרדית |
| יצא לאור: |
Madrid
Tipografía de Tomás Minuesa de los Ríos
1893
|
| נושאים: | |
| תגים: |
הוספת תג
אין תגיות, היה/י הראשונ/ה לתייג את הרשומה!
|
MARC
| LEADER | 00000nam a2200000 a 4500 | ||
|---|---|---|---|
| 001 | UCR4252 | ||
| 003 | CL-VaPUC | ||
| 008 | 980307e18930000SP |||||||||||||||||spa|d | ||
| 082 | 0 | 4 | |a 346.07 |b CIR |2 21 |
| 110 | 2 | |a Círculo de la Unión Mercantil é Industrial |e author |9 404038 | |
| 245 | 1 | 0 | |a Cuarto centenario del descubrimiento de América. Congreso Mercantil Hispano-Americano-Portugués |
| 300 | |a 424 p | ||
| 942 | |c BK | ||
| 945 | |d 19980307 00:00:00 |a crobeson | ||
| 260 | |a Madrid |b Tipografía de Tomás Minuesa de los Ríos |c 1893 | ||
| 650 | 0 | |a Derecho comercial |9 256340 | |
| 650 | 0 | |a Comercio |9 255341 | |
| 650 | 0 | |a Política internacional |9 255813 | |
| 650 | 7 | |a TRATADOS MULTILATERALES |2 CL-VaPUC |9 404039 | |
| 650 | 7 | |a COMERCIO INTERNACIONAL |2 CL-VaPUC |9 404040 | |
| 650 | 0 | |a Congresos |9 257560 | |
| 651 | 0 | |a España |9 254926 | |
| 651 | 0 | |a América |9 255182 | |
| 651 | 7 | |a PORTUGAL |2 CL-VaPUC |9 255007 | |
| 583 | |a last modification |c 19980307 00:00:00 |k Rodrigo Vera | ||
| 999 | |c 267200 |d 267198 | ||
| 952 | |0 0 |1 0 |4 0 |6 346_070000000000000_CIR_1893 |7 0 |8 X |9 299424 |a BIBDER |b BIBDER |d 2019-11-20 |i 1948555 |o 346.07 CIR 1893 |p 1948555 |r 2023-01-25 |w 2019-11-20 |y BK_X |k DER | ||